header

Pacifism in Japan (Record no. 41227)

MARC details
000 -LEADER
fixed length control field 01325nam a2200325Ia 4500
245 00 - TITLE STATEMENT
Title Pacifism in Japan
260 ## - PUBLICATION, DISTRIBUTION, ETC. (IMPRINT)
Place of publication Vancouver :
Name of publisher University of British Columbia Press,
Year of publication c1978.
300 ## - PHYSICAL DESCRIPTION
Number of Pages xiv, 300 p.
650 #0 - SUBJECT ADDED ENTRY--TOPICAL TERM
Topical Term Pacifism.
Topical Term Christian biography
Topical Term Socialists
700 1# - ADDED ENTRY--PERSONAL NAME
Personal name Bamba, Nobuya,
856 40 - ELECTRONIC LOCATION AND ACCESS
Uniform Resource Identifier http://site.ebrary.com/lib/rucke/Doc?id=10227134

No items available.

© 2026 Rongo University
Contact us: librarian | system librarian | Rongo university